Genç Yönetmenin El Kitabı (Record no. 1263257)
[ view plain ]
| 000 -LEADER | |
|---|---|
| sabit uzunluktaki kontrol alanı | 00283nam a2200109Ia 4500 |
| 001 - KONTROL NUMARASI | |
| kontrol alanı | 1263257 |
| 005 - EN SON İŞLEMİN TARİH VE ZAMANI | |
| kontrol alanı | 20260417141900.0 |
| 008 - SABİT-UZUNLUKTA VERİ ÖĞELERİ--GENEL BİLGİ | |
| sabit uzunluktaki kontrol alanı | 260417s9999 xx 000 0 und d |
| 020 ## - ULUSLARARASI STANDART KİTAP NUMARASI | |
| Uluslararası Standart Kitap Numarası | 9786253691585 |
| 245 #0 - ESER / YAZAR | |
| ESER ADI | Genç Yönetmenin El Kitabı |
| Yazar Adı | Turgut Yasalar |
| 260 ## - YAYIN, DAĞITIM, VB. | |
| YAYIN EVİ | Everest Çocuk |
| Düşüm durumu | Kayıp durumu | Hasar Durumu | Ödünç verilmez | Ana kütüphane | Geçerli Kütüphane | Edinilen tarih | Toplam ödünç verme sayısı | Barkod | Son görüntüleme tarihi | Fiyatın geçerli olmaya başladığı tarih | Koha materyal türü |
|---|---|---|---|---|---|---|---|---|---|---|---|
| ASELSAN KONYA MESLEKİ VE TEKNİK ANADOLU LİSESİ | ASELSAN KONYA MESLEKİ VE TEKNİK ANADOLU LİSESİ | 17.04.2026 | 1111543 | 17.04.2026 | 17.04.2026 | Books |